Ensamblajes conflictivos : políticas públicas y reformas universitarias en México, 1982-1992 : el caso de la Universidad de Guadalajara /

Obra en que, desde una perspectiva sociológica, se examinan las principales características del diseño y puesta en marcha de las políticas públicas dirigidas al sistema de educación superior en México durante la década de 1980 y principios de la siguiente. Con base en esta información, se analizan s...

Popoln opis

Shranjeno v:
Bibliografske podrobnosti
Glavni avtor: Acosta Silva, Adrián (autor)
Format: Knjiga
Jezik:španščina
Izdano: Guadalajara, México : Universidad de Guadalajara, 2002, c2002
Serija:(Producción Académica de los Miembros del Sistema Nacional de Investigadores)
Teme:
Oznake: Označite
Brez oznak, prvi označite!

MARC

LEADER 00000nam^a2200000^a^4500
001 000154100
005 20250521000000.0
009 20260310100343.742
020 |a 970-27-0152-X 
037 |a Acervo ITESO - Biblioteca 
041 |a ESP 
082 |a 378. 72352063  |b ACO 
100 |a Acosta Silva, Adrián  |e (autor) 
245 1 0 |a Ensamblajes conflictivos :  |b políticas públicas y reformas universitarias en México, 1982-1992 : el caso de la Universidad de Guadalajara /  |c A. Acosta Silva. 
264 4 |a Guadalajara, México :  |b Universidad de Guadalajara,  |c 2002, c2002 
300 |a 125 p. 
336 |a texto  |b txt  |2 rdacontenido 
337 |a sin mediación  |b n  |2 rdamedio 
338 |a volumen  |b nc  |2 rdasoporte 
440 1 |a (Producción Académica de los Miembros del Sistema Nacional de Investigadores) 
520 |a Obra en que, desde una perspectiva sociológica, se examinan las principales características del diseño y puesta en marcha de las políticas públicas dirigidas al sistema de educación superior en México durante la década de 1980 y principios de la siguiente. Con base en esta información, se analizan sus efectos y articulaciones con los cambios internos ocurridos en las universidades públicas, en particular la Universidad de Guadalajara, en ese período. 
610 |a Universidad de Guadalajara 
649 |a XX 
650 |a Universidades Públicas -  |z Guadalajara, Jalisco 
650 |a Universidades Públicas -  |z Jalisco 
650 |a Universidades Públicas -  |z México 
650 |a Instituciones Educativas -  |z Guadalajara, Jalisco 
650 |a Instituciones Educativas -  |z Jalisco 
650 |a Instituciones Educativas -  |z México 
650 |a Reforma Educativa 
650 |a Modernización Educativa 
650 |a Política Educativa 
650 |a Educación y Estado 
650 |a Educación y Política 
650 |a Sociología de la Educación 
650 |a Educación Pública -  |z Guadalajara, Jalisco -  |x Historia -  |y 1982-1988 
650 |a Educación Pública -  |z Guadalajara, Jalisco -  |x Historia -  |y 1988-1994 
650 |a Educación Pública -  |z Jalisco -  |x Historia -  |y 1982-1988 
650 |a Educación Pública -  |z Jalisco -  |x Historia -  |y 1988-1994 
650 |a Educación Pública -  |z México -  |x Historia -  |y 1982-1988 
650 |a Educación Pública -  |z México -  |x Historia -  |y 1988-1994 
650 |a Educación Superior -  |z Guadalajara, Jalisco -  |x Historia -  |y 1982-1988 
650 |a Educación Superior -  |z Guadalajara, Jalisco -  |x Historia -  |y 1988-1994 
650 |a Educación Superior -  |z Jalisco -  |x Historia -  |y 1982-1988 
650 |a Educación Superior -  |z Jalisco -  |x Historia -  |y 1988-1994 
650 |a Educación Superior -  |z México -  |x Historia -  |y 1982-1988 
650 |a Educación Superior -  |z México -  |x Historia -  |y 1988-1994 
910 |a Fondo General 
920 |a Impresos - Libros 
930 |a Colección General 
905 |a 101 
901 |a 0500086016  |b IT1  |c ACC  |u 20250521 
902 |a https://opac.biblio.iteso.mx/vufind/Record/000154100